Visualizzazione normale
Vista MARC
- Dalla Zuanna G., Prandini R., Perali F., Savaris G., Bulgarelli J., Belletti F., Blangiardo G., Rossi Sciumè G., Tiraboschi M., Berloffa G., Rebuzzini L., Forti G
di Personal Name
Records bibliografici associati: 1
001 - CONTROL NUMBER
- control field: 61343
003 - CONTROL NUMBER IDENTIFIER
- control field:
005 - DATE AND TIME OF LATEST TRANSACTION
- control field: 20250109102133.0
008 - FIXED-LENGTH DATA ELEMENTS
- fixed length control field: 250109|| aca||aabn | a|a d
040 ## - CATALOGING SOURCE
- Original cataloging agency:
- Transcribing agency:
100 ## - HEADING--PERSONAL NAME
- Personal name: Dalla Zuanna G., Prandini R., Perali F., Savaris G., Bulgarelli J., Belletti F., Blangiardo G., Rossi Sciumè G., Tiraboschi M., Berloffa G., Rebuzzini L., Forti G
670 ## - SOURCE DATA FOUND
- Source citation: Work cat.: ()221307: AFI-Associazione delle famiglie 61342, Una città per la famiglia., 2009